000 01015nam a22002417a 4500
999 _c3518
_d3518
005 20240215133604.0
008 240215b ||||| |||| 00| 0 eng d
020 _a9781788004633
040 _cKH8
082 _a823.92 SKY
100 _a Sykes, Julie
_eAuthor
245 _aMatilda and Pearl
_cJulie Sykes
260 _a London,
_bNosy Crow,
_c2019
300 _a 101 pages :
_b illustrations ;
_c20 cm
440 _a Unicorn Academy,
_v 9
520 _aMatilda and Pearl are having a fantastic time at Unicorn Academy. They both have big imaginations and are great at telling stories. They're the perfect partners. While camping in the woods, Matilda, Pearl and their friends discover that magic is draining from the oldest tree on the island. They're sure someone is up to no good but they'll have to think fast to stop them!
521 _a640L
650 _aCamping
650 _aCamping
_vFiction
650 _aCamping
_v Juvenile fiction
700 _a Lucy Truman
_eIllustrator
942 _2ddc
_cFIC